| 000 | 00585 a2200169 4500 | ||
|---|---|---|---|
| 003 | Nust | ||
| 005 | 20170207153431.0 | ||
| 040 | _cNust | ||
| 082 | _a005.1 | ||
| 100 | _aKhan , Saira Parvez BESE-09 | ||
| 245 |
_aActive spy design and implemetation of a scalable GIS server for real-time trackingn of mobile assets along wity incorporation of service -oriented metropolitan active space (Hard / Soft-copy) _cSaira Parvez Khan & Sana Ismaeel BESE-09 |
||
| 260 |
_bMCS _c2007 |
||
| 300 | _a110 p | ||
| 538 | _aAlmirah No 71 Shelf No 5 | ||
| 650 | _aUG Projects | ||
| 651 | _aUG CS Projects | ||
| 942 | _cTHS | ||
| 999 |
_c186095 _d186095 |
||